| 000 | 00426nam a2200181Ia 4500 | ||
|---|---|---|---|
| 008 | 210210b1965 xxu||||| |||| 00| 0 eng d | ||
| 041 | _aeng | ||
| 082 | _a536/28 | ||
| 100 | _aDEKKER (Adrianus J) | ||
| 245 | _aSolid state physics | ||
| 260 |
_aLondon _bMacmillan & Co. Ltd. _c1965 |
||
| 300 | _axiv,540 | ||
| 650 | _astate | ||
| 650 | _aSolid | ||
| 650 | _aphysics | ||
| 690 | _aSolid State Physics | ||
| 906 | _a008826 | ||
| 999 |
_c126710 _d126710 |
||